000
002930000a22001450004500
003
MACL
040
_a
MACL
090
_c
46848
_d
46846
100
_a
Julie Ferris
245
_a
Ask Me Anything
260
_a
London
_b
D K
_c
2011
350
_a
1199
650
_a
Encyclopedia
942
_c
BOOK
_k
030
999
_c
46357
_d
46357